| 000 | 00695nam a2200205 a 4500 | ||
|---|---|---|---|
| 001 | BRCA_2004 | ||
| 005 | 20190320203631.0 | ||
| 008 | 120608s1870----sp-a######---#000-0#spa-# | ||
| 041 | _aspa | ||
| 044 | _asp | ||
| 050 | 4 |
_aPQ6351 _b.S47 1870 |
|
| 245 | 1 | 0 | _aLa sepultura de Miguel de Cervantes. |
| 260 |
_aMadrid _bImprenta y Estereotipia de M. Rivadeneyra _c1870 |
||
| 300 |
_a228 p. _bil., 1 plano _c19 cm. |
||
| 500 | _aMemoria escrita por encargo de la Academia Española y leida á la misma por su Director El Marqués de Molins | ||
| 500 | _aDonación Dr. Héctor Rivero Borrell Vázquez | ||
| 600 | 1 | 4 |
_aCervantes Saavedra, Miguel de _d1547-1616 _9213 |
| 902 | _aCERV | ||
| 942 |
_2lcc _cB |
||
| 999 |
_c1771 _d1771 |
||